Szczegóły MARC21

A first course in real analysis /

003 -Nazwa inst., której nr kontr. jest w polu 001 [,]
    • @
    • Nazwa instytucji, której n kontrolny jest w polu 001
    • NUKAT
005 -DATA I CZAS OSTATNIEJ MODYFIKACJI [,]
    • @
    • pole kontrolne
    • 20241231093432.0
020 -Międzynarod. znormalizowany nr książki - ISBN [ , ]
    • a
    • Numer ISBN
    • 0387902155 Find
    • q
    • Dopowiedzenie
    • New York
020 -Międzynarod. znormalizowany nr książki - ISBN [ , ]
    • a
    • Numer ISBN
    • 3540902155 Find
    • q
    • Dopowiedzenie
    • Berlin
040 -Instytucja sporządzająca opis [ , ]
    • a
    • Instytucja, która sporządziła opis (NP)
    • NUKAT
    • c
    • Instytucja, która sporządziła rekord (NP)
    • KR U/27BK
    • d
    • Instytucja, która zmodyfikowała rekord (P)
    • KR U/27BK
942 -Rodzaj dokumentu [ , ]
    • c
    • Rodzaj dokumentu
    • Książka
100 -Hasło główne - nazwa osobowa [1, ]
    • a
    • Nazwa osobowa (NP)
    • Protter, Murray H.
    • d
    • Daty biograficzne (NP)
    • (1918-2008).
    • 9
    • KHW
    • 695905
245 -Strefa tytułu i oznaczenia odpowiedzialności [1,2]
    • a
    • Tytuł
    • A first course in real analysis / Find
    • c
    • Pozostałe elementy strefy tytułu i oznaczenia odpowiedzialności (NP)
    • Murray H. Protter, Charles B. Morrey.
260 -Strefa adresu wydawniczego [ , ]
    • a
    • Miejsce wydania (P)
    • New York :
    • b
    • Nazwa wydawcy (P)
    • Springer-Verlag,
    • c
    • Data wydania (P)
    • 1977.
300 -Strefa opisu fizycznego [ , ]
    • a
    • Określenie formy książki i/lub objętość (NP)
    • XI, [1], 507 s. ;
    • c
    • Format (NP)
    • 25 cm.
336 -Typ zawartości [ , ]
    • a
    • Termin opisujący typ zawartości
    • Tekst
    • b
    • Kod określający zawartość
    • txt
    • 2
    • Źródło (terminu i kodu)
    • rdacontent
337 -Typ mediów [ , ]
    • a
    • Tryb odtwarzania
    • Bez urządzenia pośredniczącego
    • b
    • Kod typu mediów
    • n
    • 2
    • Źródło (terminu i kodu)
    • rdamedia
338 -Typ/rodzaj nośnika [ , ]
    • a
    • Hasło opisujące typ nośnika
    • Wolumin
    • b
    • Kod typu nośnika
    • nc
    • 2
    • Źródło (terminu i kodu)
    • rdacarrier
490 -Strefa serii i książki wielotomowej - forma nie do wyszukiwania [1, ]
    • a
    • Tytuł (P)
    • Undergraduate Texts in Mathematics Find
830 -Hasło dodatkowe serii i opisu książki wielotomowej - tytuł ujednolicony/tytuł [ ,0]
    • a
    • Tytuł ujednolicony/tytuł (NP)
    • Undergraduate Texts in Mathematics
    • x
    • ISSN
    • 0172-6056
    • 9
    • KHW
    • 26911
080 -Uniwersalna Klasyfikacja Dziesiętna [ , ]
    • a
    • Symbol klasyfikacji
    • 517=20
650 -Hasło przedmiotowe [ ,7]
    • a
    • Hasło przedmiotowe
    • Analiza matematyczna
    • v
    • Określnik formalny
    • podręczniki akademickie.
    • 2
    • Źródło terminu
    • kaba
    • 9
    • KHW
    • 354196
980 -Symbol UKD [ , ]
    • a
    • UKD
    • 517=20
700 -Hasło dodatkowe - nazwa osobowa [1, ]
    • a
    • Nazwa osobowa (NP)
    • Morrey, Charles Bradfield Find
    • d
    • Daty biograficzne (NP)
    • (1907-1984).
    • 9
    • KHW
    • 695904
710 -Hasło dodatkowe - nazwa ciała zbiorowego [2, ]
    • a
    • Nazwa ciała zbiorowego lub nazwa geograficzna jako pierwszy element (NP)
    • Springer-Verlag (Nowy Jork).
    • 4
    • Kod relacji
    • pbl
    • 9
    • KHW
    • 86610
920 -ISBN [ , ]
    • a
    • ISBN
    • 0-387-90215-5 Find
    • q
    • Dopowiedzenie
    • New York
920 -ISBN [ , ]
    • a
    • ISBN
    • 3-540-90215-5 Find
    • q
    • Dopowiedzenie
    • Berlin
Lokalizacja Status udost. Data inwentaryzacji Numer inwentarzowy
BG12003-02-13N.18282